000 00515nam a2200241Ia 4500
003 IT-RoPAU
005 20220918175647.0
008 120407s9999 xx 000 0 und d
040 _aIT-RoPAU
040 _cIT-RoPAU
041 _aita
100 _aE. Flicoteaux
_935162
100 _cosb
_921557
245 _aMisteri e Feste della Vergine
250 _aCatania
260 _aEdizioni Paoline
260 _c1957
300 _c cm
490 _aSm
490 _v1
942 _cBK
_2ddc
999 _c23901
_d23901